Connect The Dots (Record no. 339279)

MARC details
000 -LEADER
fixed length control field 00528nam a2200169Ia 4500
008 - FIXED-LENGTH DATA ELEMENTS--GENERAL INFORMATION
fixed length control field 230718s9999 xx 000 0 und d
020 ## - INTERNATIONAL STANDARD BOOK NUMBER
International Standard Book Number 9789381626702
041 ## - LANGUAGE CODE
Language code of text/sound track or separate title eng
082 ## - DEWEY DECIMAL CLASSIFICATION NUMBER
Classification number 658.3'124
Item number BAN
100 ## - MAIN ENTRY--PERSONAL NAME
Personal name Bansal R.
9 (RLIN) 106283
245 ## - TITLE STATEMENT
Title Connect The Dots
Remainder of title The Inspiring Stories Of 20 Entrepreneurs Without MBA Who Dared To Find Their Own Path
260 ## - PUBLICATION, DISTRIBUTION, ETC. (IMPRINT)
Date of publication, distribution, etc. 2012
Name of publisher, distributor, etc. Westland Itd
300 ## - PHYSICAL DESCRIPTION
Extent 335
365 ## - TRADE PRICE
Currency code Rs.
Price amount 175.00
700 ## - ADDED ENTRY--PERSONAL NAME
Personal name Bansal R.
9 (RLIN) 106283
906 ## - LOCAL DATA ELEMENT F, LDF (RLIN)
d O:0446611-Mar-2015B:753320-Feb-2015
c GENRL
b 38.5
Holdings
Withdrawn status Lost status Damaged status Not for loan Home library Current library Date acquired Vendor Budget Code Cost, normal purchase price Bill number Total Checkouts Full call number Barcode Date last seen Date last checked out Discount Cost, replacement price Bill Date Koha item type Original Barcode
        Cummins College of Engineering for Women Pune Cummins College of Engineering for Women Pune 11/03/2015 Technical Book Services GENRL 136.50 7533 5 658.3'124 CCEP-BK-50486 18/03/2026 06/03/2026 38.5 175.00 20/02/2015 Books 050486